| 000 | 00869nam a2200253 a 4500 | ||
|---|---|---|---|
| 005 | 20210223130615.0 | ||
| 008 | 080918s2000 mx r 000 0 spa d | ||
| 035 | _aUPN01000159653 | ||
| 049 | _aUNE | ||
| 080 | _a362.7 (-77) =20 SIN No.35. | ||
| 100 | 1 | _aSingh, Amar Kumar | |
| 245 | 1 | 0 | _aSocial disadvantage and academic achievement; a resourse document/ Amar Kumar Singh. |
| 260 | _aParis : UNESCO; New York : UNICEF; Rome : WFP, 1980. | ||
| 300 | _a9 p. | ||
| 440 | 0 | _aNotes, comments...; 35 | |
| 500 | _aIncluye bibliografía. | ||
| 690 | _aDesventaja social- Paises en desarrollo | ||
| 690 | _aNiños socialmente desfavorecidos- Paises en desarrollo | ||
| 690 | _aPaises en desarrollo- Niños socialmente desfavorecidos | ||
| 710 | 2 |
_aUNICEF . _924085 |
|
| 710 | 2 | _aUNESCO | |
| 710 | 2 | _aWFP. Programa de Alimentación Mundial | |
| 905 | _aUNESCO | ||
| 999 |
_c131767 _d131767 |
||